مكتبة جامعة عجلون الوطنية

فهرس بحث المكتبة

Normal view MARC view
  • التوحد - التربية الخاصة

Entry Topical Term

Number of records used in: 1

001 - CONTROL NUMBER

  • control field: 26107

003 - CONTROL NUMBER IDENTIFIER

  • control field: JO-AjAnu

005 - DATE AND TIME OF LATEST TRANSACTION

  • control field: 20230606074443.0

008 - FIXED-LENGTH DATA ELEMENTS

  • fixed length control field: 230606|| aca||aabn | a|a d

040 ## - CATALOGING SOURCE

  • Original cataloging agency: JO-AjAnu
  • Transcribing agency: JO-AjAnu

150 ## - HEADING--TOPICAL TERM

  • Topical term or geographic name entry element: التوحد - التربية الخاصة

670 ## - SOURCE DATA FOUND

  • Source citation: Work cat.: (JO-AjAnu)13418: الامام ، محمد صالح/ م مشارك فؤاد عبد الحق الجوالدة, author 26106, التوحد ونظرية العقل =Autism and Theory of Mind